[Event "FRA-ch op-A"]
[Site "Vichy"]
[Date "2000.08.17"]
[Round "2"]
[White "Rodier, Thomas"]
[Black "Humeau, Cyril"]
[Result "0-1"]
[WhiteElo "1850"]
[BlackElo "2050"]
[PlyCount "70"]
[EventDate "2000.08.16"]
[EventType "swiss"]
[EventRounds "11"]
[EventCountry "FRA"]
[SourceTitle "EXT 2001"]
[Source "ChessBase"]
[SourceDate "2000.11.22"]
[SourceVersion "1"]
[SourceVersionDate "2000.11.22"]
[SourceQuality "1"]

1. d4 Nf6 2. c4 g6 3. Nc3 Bg7 4. e4 d6 5. Be2 0-0 6. g4 e5 7. d5 c6 8. h4 cxd5 9. cxd5 Na6 10. g5 Ne8 11. h5 Nc5 12. b4 Nd7 13. Bg4 a5 14. hxg6 hxg6 15. Qd3 axb4 16. Qh3 f5 17. Qh7+ Kf7 18. exf5 bxc3 19. Qxg6+ Kg8 20. Qh7+ Kf7 21. Rh6 Rh8 22. Bh5+ Kf8 23. Qg6 Qe7 24. Rxh8+ Bxh8 25. f6 Nexf6 26. gxf6 Nxf6 27. Nf3 Qh7 28. Bh6+ Ke7 29. Nh4 Qxg6 30. Nxg6+ Kd7 31. Be2 Ng8 32. Bg5 Bf6 33. Bb5+ Kd8 34. Be3 Bd7 35. Bxd7 Kxd7 0-1